[Event "Lisbon-ch final"]
[Site "Lisbon"]
[Date "2007.06.28"]
[Round "8"]
[White "Lima, Didier"]
[Black "Pinto, Andre Filipe Silva"]
[Result "1-0"]
[WhiteElo "1960"]
[BlackElo "1866"]
[PlyCount "47"]
[EventDate "2007.06.15"]
[EventType "swiss"]
[EventRounds "9"]
[EventCountry "POR"]
[SourceTitle "EXT 2018"]
[Source "ChessBase"]
[SourceDate "2017.10.13"]
[SourceVersion "1"]
[SourceVersionDate "2017.10.13"]
[SourceQuality "1"]

1. d4 Nf6 2. c4 g6 3. Nc3 Bg7 4. e4 d6 5. f3 0-0 6. Bg5 c5 7. Nge2 Nc6 8. d5 Ne5 9. Nc1 a6 10. Be2 Rb8 11. 0-0 b5 12. cxb5 axb5 13. Bxb5 Bd7 14. Bxd7 Qxd7 15. b3 Rfc8 16. Nd3 Nxd3 17. Qxd3 Rb4 18. Rac1 Rd4 19. Qb5 Qa7 20. Be3 Rb4 21. Qxb4 Bh6 22. f4 Ng4 23. Qa4 Qb6 24. Qd7 1-0

[Event "Lisbon-ch final"]
[Site "Lisbon"]
[Date "2007.06.18"]
[Round "2"]
[White "Fanha, Paulo Alexandre Mar"]
[Black "Pinto, Andre Filipe Silva"]
[Result "1/2-1/2"]
[WhiteElo "1995"]
[BlackElo "1866"]
[PlyCount "121"]
[EventDate "2007.06.15"]
[EventType "swiss"]
[EventRounds "9"]
[EventCountry "POR"]
[SourceTitle "EXT 2018"]
[Source "ChessBase"]
[SourceDate "2017.10.13"]
[SourceVersion "1"]
[SourceVersionDate "2017.10.13"]
[SourceQuality "1"]

1. d4 Nf6 2. Bg5 d5 3. Bxf6 exf6 4. e3 g6 5. c4 c6 6. Nc3 Be6 7. Qb3 Qd7 8. cxd5 Bxd5 9. Nxd5 cxd5 10. Ne2 Nc6 11. Nc3 Bb4 12. Bb5 Bxc3+ 13. Qxc3 Rc8 14. 0-0 0-0 15. Rac1 a6 16. Be2 Rfd8 17. Qa3 Qe7 18. Rxc6 Qxa3 19. Rxc8 Qd6 20. Rc5 b6 21. Rc2 Kg7 22. Rfc1 Ra8 23. a3 Ra7 24. Rc6 Qd8 25. g3 h5 26. Bf3 Rd7 27. Rc8 Qe7 28. Ra8 a5 29. Rac8 Rd6 30. Be2 f5 31. Bb5 h4 32. Re8 Qg5 33. Rcc8 hxg3 34. hxg3 Re6 35. Rxe6 fxe6 36. Rc7+ Kh6 37. Rc6 Qd8 38. Rxe6 Qc7 39. Rc6 Qd8 40. Kf1 Kg7 41. Ke2 g5 42. Bd3 f4 43. gxf4 gxf4 44. Rg6+ Kf7 45. exf4 Qc7 46. f5 b5 47. Bxb5 Qc2+ 48. Kf1 Qxb2 49. Bd7 Qxd4 50. Be6+ Ke7 51. Rg3 Qd1+ 52. Kg2 d4 53. Rg7+ Kf6 54. Rd7 Qg4+ 55. Kh2 Qf4+ 56. Kg2 Qe4+ 57. Kg3 d3 58. f4 Qe3+ 59. Kg4 Qe2+ 60. Kg3 Qe3+ 61. Kg4 1/2-1/2

[Event "Lisbon-ch final"]
[Site "Lisbon"]
[Date "2007.06.15"]
[Round "1"]
[White "Pinto, Andre Filipe Silva"]
[Black "Sukhov, Andrey"]
[Result "1/2-1/2"]
[WhiteElo "1866"]
[BlackElo "2120"]
[PlyCount "83"]
[EventDate "2007.06.15"]
[EventType "swiss"]
[EventRounds "9"]
[EventCountry "POR"]
[SourceTitle "EXT 2018"]
[Source "ChessBase"]
[SourceDate "2017.10.13"]
[SourceVersion "1"]
[SourceVersionDate "2017.10.13"]
[SourceQuality "1"]

1. e4 c5 2. Nf3 a6 3. d4 cxd4 4. Nxd4 e5 5. Nb3 Nc6 6. Bd3 Bb4+ 7. c3 Be7 8. 0-0 Nf6 9. Bg5 0-0 10. a4 b6 11. Na3 Bb7 12. Re1 Re8 13. Qe2 g6 14. Nc4 d5 15. Ncd2 Nh5 16. Bxe7 Nxe7 17. Bc2 Rc8 18. g3 d4 19. c4 Qd7 20. Bd3 Red8 21. Rec1 Qh3 22. c5 b5 23. axb5 axb5 24. Ra7 Rd7 25. Na5 Bxe4 26. Nxe4 Rxa7 27. b4 Nd5 28. Nd6 Nxb4 29. Nxc8 Qxc8 30. Nb3 Ra3 31. Rb1 Qe6 32. Nxd4 exd4 33. Rxb4 Ra1+ 34. Kg2 Qd5+ 35. Qe4 Qxc5 36. Rxb5 Qc3 37. Rxh5 gxh5 38. Qe8+ Kg7 39. Qe5+ Kf8 40. Qd6+ Kg8 41. Qd8+ Kg7 42. Qg5+ 1/2-1/2